| 000 | 00419nam a22001337a 4500 | ||
|---|---|---|---|
| 082 | _aMSEE-3 | ||
| 100 |
_aMuhammad Talal Hassan _998852 |
||
| 245 | _aQuantifying the multiple cognitive radio interfaces advantage. | ||
| 260 |
_aIslamabad _bNUST university _c2013 |
||
| 300 |
_a41p. : _eCD-ROM |
||
| 500 | _aSupervisor: Dr. Junaid Qadir | ||
| 856 | _uhttp://10.250.8.41:8080/xmlui/handle/123456789/9333 | ||
| 942 |
_cPR _2ddc |
||
| 999 |
_c12228 _d12228 |
||